Responses for show #5796 - Monday, November 23, 2009

Contestants

[<< previous game]

Patrick Pence, a GIS coordinator from Tallahassee, Florida

Cathy Sorge, an archivist from Silver Spring, Maryland

Ben Davis, a law student from Chicago, Illinois (whose 1-day cash winnings total $20,801)

[next game >>]

Jeopardy! Round responses

SNL CELEBRITY JEOPARDY!
(Alex: A tribute, and we use some of their categories, don't we?)
STATES THAT END IN HAMPSHIRE
WHAT COLOR IS GREEN?
CURRENT BLACK PRESIDENTS
SOUNDS THAT KITTIES MAKE
TWINKLE TWINKLE LITTLE WORD THAT RHYMES WITH STAR
    $200 2
a mustache

Ben
    $200 16
Concord

Ben
    $200 1
(little green) apples

Patrick
    $200 26
(Patrick: What is Liberia?)

Botswana

CathyPatrick
    $200 11
a roar

Patrick
    $200 21
the cookie jar

Ben
    $400 4
Sean Connery

Ben
    $400 17
Quebec

Patrick
    $400 3
a forest

Patrick
    $400 27
the Democratic Republic of the Congo

Ben
    $400 12
a hiss

Patrick
    $400 22
caviar

Cathy
    $600 6
(Ben: Who is Burt Lancaster?)

Burt Reynolds

BenPatrick
    $600 18
Dartmouth

Ben
    $600 5
"Greensleeves"

Patrick
    $600 28
Ethiopia

Ben
    $600 13
(Ben: What is snarled?)

purred

Ben
Triple Stumper
    $600 23
the guitar

Ben
    $800 7
Tom Cruise

Patrick
    $800 19
On Golden Pond

Patrick
    $800 9
the Greenback Party

Ben
    $600 29
Côte d'Ivoire (the Ivory Coast)

Ben
    $800 14
snarled

Ben
    $800 24
an avatar

Ben
    $1000 8
Kathie Lee Gifford

Patrick
    $1000 20
Manchester

Patrick
    $1000 10
Othello

Patrick
    $1000 30
Mali

Patrick
    $1000 15
the cat's meow

Patrick
    $1000 25
jaguar

Ben

Scores at the first commercial break (after clue 15):

Ben Cathy Patrick
$1,000 $0 $6,200

Scores at the end of the Jeopardy! Round:

Ben Cathy Patrick
$6,000 $600 $9,200

Double Jeopardy! Round responses

WORDS OF LOVE
NEEDY NO. 1 HITMAKERS
FRUIT
ENDS WITH 3 VOWELS
DON'T BE A PAIN
A JOURNEY THROUGH ISRAEL
(Alex: Reliving history thousands of years old or just a few decades old.)
    $400 27
Dante

Cathy
    $400 1
The Beatles

Patrick
    $400 16
cherry

Ben
    $400 4
a luau

Cathy
    $400 11
ibuprofen

Ben
    $400 21
(Cathy: What is the Seven-Days War?)

the Six-Day War

BenCathy
    $800 28
first sight

Ben
    $800 2
(Whitney) Houston

Patrick
    $800 17
grapefruit

Cathy
    $800 7
adieu

Patrick
    $800 12
biofeedback

Cathy
    $800 22
(Alex: Yes, there was Sarah out in a boat without a paddle. Poor girl.)

the Sea of Galilee

Patrick
    $1200 23
Percy Bysshe Shelley

Triple Stumper
    $1200 3
Elvis

Ben
    $1200 18
(Alex: I haven't heard of it either.)

peach

Triple Stumper
    $1200 8
a bureau

Cathy
    $1200 13
a spasm

Cathy
    $1200 25
(Oskar) Schindler

Patrick
    $3,000 24
love conquers all

Patrick
    $1600 5
(Patrick: What is Air Supply?)

Foreigner

CathyPatrick
    $1600 19
currant

Ben
    $1600 9
Beau

Patrick
    $1600 14
cortex

Patrick
    $300 26
(Patrick: Uh... no idea.)

Masada

Patrick
    $2000 29
Byron

Ben
    $2000 6
The Jackson 5

Ben
    $2000 20
strawberry

Ben
    $2000 10
(Patrick: What is tableau?)

milieu

BenPatrick
    $2000 15
sensory receptors

Triple Stumper
    $2000 30
density

Ben

Scores at the end of the Double Jeopardy! Round:

Ben Cathy Patrick
$20,800 $6,600 $15,500

[wagering suggestions for these scores]

Final Jeopardy! Round responses

ODD TITLES
CathyWhat is major general
$6,600
PatrickWhat is tigger?
$2,000
BenWhat is a poo-bah?
$10,201
grand poo-bah

Final scores:

Ben Cathy Patrick
$31,001 $0 $13,500
2-day champion: $51,802 3rd place: $1,000 2nd place: $2,000

Game dynamics:

Coryat scores:

Ben Cathy Patrick
$21,000 $6,600 $14,400
24 R
(including 1 DD),
2 W
9 R,
1 W
22 R
(including 1 DD),
4 W
(including 1 DD)

Combined Coryat: $42,000

The J! Archive is created by fans, for fans. The Jeopardy! game show and all elements thereof, including but not limited to copyright and trademark thereto, are the property of Jeopardy Productions, Inc. and are protected under law. This website is not affiliated with, sponsored by, or operated by Jeopardy Productions, Inc. Join the discussion at JBoard.tv.